The Walking Dead Episodes - Statistics

General Stats
  • This quiz has been taken 127 times
    61 since last reset
  • The average score is 30 of 177
Answer Stats
Episode number Answer % Correct
2 Guts
71%
6 TS-19
71%
4 Vatos
71%
1 Days Gone Bye
65%
3 Tell It to the Frogs
65%
1 The Day Will Come When You Won't Be
47%
16 A
41%
12 Better Angels
41%
22 Here's Negan
41%
24 Rest in Peace
41%
5 Wildfire
41%
4 Here's Not Here
35%
4 Killer Within
35%
7 Pretty Much Dead Already
35%
15 The Calm Before
35%
14 The Grove
35%
8 Too Far Gone
35%
1 30 Days Without an Accident
29%
4 Cherokee Rose
29%
12 Clear
29%
2 JSS
29%
16 Last Day on Earth
29%
8 Nebraska
29%
9 No Way Out
29%
16 The Storm
29%
10 18 Miles Out
24%
9 After
24%
13 Beside the Dying Fire
24%
5 Chupacabra
24%
8 Coda
24%
16 Conquer
24%
11 Judge, Jury, Executioner
24%
1 No Sanctuary
24%
14 Prey
24%
6 Secrets
24%
1 Seed
24%
2 Sick
24%
3 Thank You
24%
9 Triggerfinger
24%
3 Walk with Me
24%
16 Welcome to the Tombs
24%
5 What Comes After
24%
1 Acheron: Part I
18%
2 Acheron: Part II
18%
13 Arrow on the Doorpost
18%
2 Bloodletting
18%
1 First Time Again
18%
3 Four Walls and a Roof
18%
10 Home
18%
9 Honor
18%
2 Infected
18%
3 Isolation
18%
1 Mercy
18%
12 Not Tomorrow Yet
18%
3 Save the Last One
18%
5 Say the Word
18%
4 Some Guy
18%
20 Splinter
18%
2 Strangers
18%
3 The Cell
18%
2 The Damned
18%
9 The Suicide King
18%
15 The Tower
18%
2 The Well
18%
15 This Sorrowful Life
18%
15 Us
18%
1 What Lies Ahead
18%
15 Worth
18%
16 Wrath
18%
16 A Certain Doom
12%
9 Adaptation
12%
13 Alone
12%
6 Always Accountable
12%
1 A New Beginning
12%
6 Bonds
12%
11 Bounty
12%
13 Bury Me Here
12%
13 Chokepoint
12%
11 Claimed
12%
6 Consumed
12%
7 Crossed
12%
11 Dead or Alive Or
12%
7 Dead Weight
12%
21 Diverged
12%
13 Do Not Send Us Astray
12%
15 East
12%
8 Evolution
12%
23 Family
12%
18 Find Me
12%
13 Forget
12%
3 Ghosts
12%
5 Go Getters
12%
12 Guardians
12%
7 Heads Up
12%
8 Hearts Still Beating
12%
17 Home Sweet Home
12%
11 Hostiles And Calamities
12%
6 Hounded
12%
8 How It's Gotta Be
12%
11 I Ain't a Judas
12%
4 Indifference
12%
10 Inmates
12%
5 Internment
12%
11 Knots Untie
12%
1 Lines We Cross
12%
6 Live Bait
12%
14 Look at the Flowers
12%
8 Made to Suffer
12%
3 Monsters
12%
11 Morning Star
12%
10 New Best Friends
12%
10 New Haunts
12%
5 Now
12%
10 Omega
12%
19 One More
12%
7 Open Your Eyes
12%
21 Outpost 22
12%
12 Remember
12%
9 Rock in the Road
12%
12 Say Yes
12%
14 Scars
12%
5 Self Help
12%
4 Service
12%
4 Silence the Whisperers
12%
7 Sing Me a Song
12%
4 Slabtown
12%
15 Something They Need
12%
14 Spend
12%
9 Squeeze
12%
10 Stalker
12%
8 Start to Finish
12%
12 Still
12%
14 Still Gotta Mean Something
12%
7 Stradivarius
12%
6 Swear
12%
5 The Big Scary U
12%
2 The Bridge
12%
11 The Distance
12%
16 The First Day of the Rest of Your Life
12%
12 The Key
12%
6 The King, the Widow, and Rick
12%
10 The Lost and the Plunderers
12%
10 Them
12%
10 The Next World
12%
4 The Obliged
12%
14 The Other Side
12%
13 The Same Boat
12%
8 The World Before
12%
7 Time for After
12%
15 Try
12%
12 Walk With Us
12%
3 Warning Signs
12%
2 We Are the End of the World
12%
9 What Happened and What's Going On
12%
5 What It Always Is
12%
13 What We Become
12%
7 When the Dead Come Knocking
12%
6 Who Are You Now?
12%
17 Lockdown
6%
6 On the Inside
6%
11 Rogue Element
6%
14 Twice as Far
6%
19 Variant
6%
16 Acts of God
0%
18 A New Deal
0%
22 Faith
0%
8 For Blood
0%
3 Hunted
0%
9 No Other Way
0%
5 Out of the Ashes
0%
7 Promises Broken
0%
4 Rendition
0%
12 The Lucky Ones
0%
14 The Rotten Core
0%
15 Trust
0%
13 Warlords
0%
20 What's Been Lost
0%
No matching quizzes found
Score Distribution
Percent of People with Each Score
Percentile by Number Answered
Your Score History
You have not taken this quiz since the last reset